[Event "Olympiad Women-44"]
[Site "Chennai"]
[Date "2022.08.07"]
[Round "9.1"]
[White "Ollet, Myra"]
[Black "Lam, Pooja"]
[Result "1-0"]
[WhiteElo "1480"]
[BlackElo "1163"]
[PlyCount "89"]
[EventDate "2022.07.29"]
[EventType "team-swiss"]
[EventRounds "11"]
[EventCountry "IND"]
[SourceTitle "CBM 210"]
[Source "ChessBase"]
[SourceDate "2022.10.31"]
[SourceVersion "1"]
[SourceVersionDate "2022.10.31"]
[SourceQuality "1"]
[WhiteTeam "Guam (W)"]
[BlackTeam "Guyana (W)"]
[WhiteTeamCountry "GMA"]
[BlackTeamCountry "GUY"]

1. d4 d5 2. Bf4 Nf6 3. Nc3 c5 4. e3 cxd4 5. exd4 Nc6 6. Nb5 Qa5+ 7. c3 e5 8. dxe5 Ne4 9. Qxd5 Bf5 10. Bc4 Bg6 11. Rd1 Rd8 12. Nd6+ Bxd6 13. exd6 Qxd5 14. Bxd5 Nf6 15. Bxc6+ bxc6 16. Nf3 Nh5 17. Bg5 f6 18. Bh4 Bf7 19. 0-0 0-0 20. a3 Bd5 21. Nd4 Rxd6 22. f3 Rb8 23. Rd2 Rdd8 24. g4 g5 25. Bxg5 fxg5 26. gxh5 Bc4 27. Rff2 Rbc8 28. Nf5 Rxd2 29. Rxd2 Rf8 30. Ne7+ Kh8 31. h6 c5 32. Kg2 a5 33. Kg3 Be6 34. Rd6 Bc8 35. b4 cxb4 36. axb4 axb4 37. cxb4 Bg4 38. Kxg4 Rf4+ 39. Kxg5 Rg4+ 40. Kf5 Rf4+ 41. Ke6 Rf6+ 42. Ke5 Re6+ 43. Kf4 Re4+ 44. Kg5 Rg4+ 45. Kf6 1-0

[Event "Olympiad Women-44"]
[Site "Chennai"]
[Date "2022.07.30"]
[Round "2.1"]
[White "Kannappan, Sigappi"]
[Black "Lam, Pooja"]
[Result "1-0"]
[WhiteElo "1914"]
[BlackElo "1163"]
[PlyCount "79"]
[EventDate "2022.07.29"]
[EventType "team-swiss"]
[EventRounds "11"]
[EventCountry "IND"]
[SourceTitle "CBM 210"]
[Source "ChessBase"]
[SourceDate "2022.10.31"]
[SourceVersion "1"]
[SourceVersionDate "2022.10.31"]
[SourceQuality "1"]
[WhiteTeam "Hong Kong (W)"]
[BlackTeam "Guyana (W)"]
[WhiteTeamCountry "HKG"]
[BlackTeamCountry "GUY"]

1. e4 c6 2. d4 d5 3. Nd2 dxe4 4. Nxe4 Bf5 5. Ng3 Bg6 6. Nf3 Nf6 7. h4 h6 8. h5 Bh7 9. Bd3 Bxd3 10. Qxd3 e6 11. Bd2 Qc7 12. Qe2 Nbd7 13. 0-0-0 0-0-0 14. Ne5 Nxe5 15. dxe5 Nd7 16. Bc3 Be7 17. f4 Nb6 18. Ba5 Rd5 19. Rxd5 cxd5 20. Rd1 Qc5 21. Bxb6 Qxb6 22. Rd3 Kb8 23. Nf1 Rc8 24. g4 Rc4 25. f5 Qg1 26. Rg3 Re4 27. Rxg1 Rxe2 28. Kd1 Re4 29. Nd2 Rd4 30. c3 Ra4 31. a3 Bg5 32. Nf3 Bf4 33. f6 gxf6 34. exf6 Be3 35. Rg2 Rf4 36. Ne5 Kc7 37. g5 hxg5 38. Ng4 Rf1+ 39. Ke2 Bf4 40. Kxf1 1-0